Rizika překročeného stínu

Summit o európskej ústave stroskotal. Štafetu preberá Dublin.

Na minha lista:
Detalhes bibliográficos
Autor principal: Záruba, Igor
Outros Autores: Stuchlík, Jan
Formato: Capítulo de Livro
Idioma:tcheco
Assuntos:
Tags: Adicionar Tag
Sem tags, seja o primeiro a adicionar uma tag!

MARC

LEADER 00000naa$a2200000$$$4500
001 0003031
005 20231004071455.2
041 0 |a cze 
044 |a CZ 
245 1 0 |a Rizika překročeného stínu  |c aut. Igor Záruba, Jan Stuchlík 
520 |a Summit o európskej ústave stroskotal. Štafetu preberá Dublin. 
610 2 0 |a Európska únia 
610 2 0 |a ústava 
610 2 0 |a integrácia 
100 1 |a Záruba, Igor 
700 1 |a Stuchlík, Jan